| 000 | 01183cam a2200313 i 4500 | ||
|---|---|---|---|
| 001 | 68780 | ||
| 003 | Mx-PuUPA | ||
| 005 | 20250306150644.0 | ||
| 008 | 200305s2015 sp ||||gr|||| 001 0 spa d | ||
| 017 | _aM-7797-2015 | ||
| 020 | _a9788422018049 | ||
| 040 |
_aMx-PuUPA _bspa _cMx-PuUPA _dMx-PuUPA _erda |
||
| 041 | 0 | _aspa | |
| 100 | 1 |
_910631 _aRouco Varela, Antonio Ma., _q(Antonio María) _eautor |
|
| 245 | 1 | 3 |
_aLa familia, motivo de esperanza : _bdoctrina y vida / _cAntonio María Rouco Varela |
| 264 | 1 |
_aMadrid : _bBiblioteca de Autores Cristianos, _c2015 |
|
| 300 |
_axiii, 246 páginas ; _c21 cm |
||
| 336 |
_atexto _2rdacontent _btxt |
||
| 337 |
_asin medio _2rdamedia _bn |
||
| 338 |
_avolumen _2rdacarrier _bnc |
||
| 490 | 1 |
_aBiblioteca de Autores Cristianos ; _v203 |
|
| 650 | 7 |
_aFamilias _xAspectos religiosos _xIglesia católica _2armarc |
|
| 830 | 0 |
_aBiblioteca de autores cristianos _912038 _v203 |
|
| 942 |
_2ddc _cLI _h306.85 _iR852 |
||
| 999 |
_c68780 _d68780 |
||